Normal view
MARC view
Entry Personal Name
001 - CONTROL NUMBER
- control field: 84100
003 - CONTROL NUMBER IDENTIFIER
- control field: dpl
005 - DATE AND TIME OF LATEST TRANSACTION
- control field: 20250820113517.0
008 - FIXED-LENGTH DATA ELEMENTS
- fixed length control field: 250820|| aca||aabn | a|a d
040 ## - CATALOGING SOURCE
- Original cataloging agency: dpl
- Transcribing agency: dpl
100 ## - HEADING--PERSONAL NAME
- Personal name: गर्ग,आर.के
670 ## - SOURCE DATA FOUND
- Source citation: Work cat.: (dpl)192883: गर्ग,आर.के., नेटवर्क मार्केटिंग एक अवसर /, 2021
